00655nam a2200193Ia 4500952012800000999001700128003000400145005001700149008004100166020001800207040000900225082001700234100003000251245006500281260004300346300000900389650002300398942004000421 00102ddc40708M&HaMESbMEScPHYSd2019-02-20g395.00l0o613.7 RAM/Bp35861r2019-02-20 00:00:00w2019-02-20yBKzU22R3 c32637d32637OSt20201014113709.0190216s9999||||xx |||||||||||||| ||und|| a9788178795560 coclc a613.7bRAM/B aRaman, Briz Mohan T95705 0aBiological Basis Of Physical Education /cBriz Mohan T Raman bSports Publication,c2009.aNew Delhi: a211p aPhysical Education cBK2ddch613.7iRAM/Bk613.7mRAM/B